| 000 | 01387cam a22002054a 4500 | ||
|---|---|---|---|
| 005 | 20250605164214.0 | ||
| 008 | 250528s ||||||||||||||||||||||||d | ||
| 035 | _a20395 | ||
| 020 | _a415091705 | ||
| 040 |
_aGR-AtMCL _bgre _dGR-AtMCL _eAACR2 |
||
| 245 | 1 | _aDancing in the Distraction Factory / Music Television and Popular Culture | |
| 260 |
_bRouledge, _c1993 |
||
| 300 | _a240 | ||
| 505 | 0 | _aAcknowledgements, Author's Note, Introduction, Silence! Academics at Work, From Anarchy to Chromakey Developments in Music Television, A Musicology of the Image, The Structure of Music Video Rethinking Narrative Analysis, Metanarratives of Stardom and Identity, A Televisual Context: MTV, Aesthetics and Politics in Music Television Postmodernism Reconsidered, Concluding Thoughts, Music Television Time Line, Notes, Bibliography, Index. | |
| 520 | _aAcknowledgements, Author's Note, Introduction, Silence! Academics at Work, From Anarchy to Chromakey Developments in Music Television, A Musicology of the Image, The Structure of Music Video Rethinking Narrative Analysis, Metanarratives of Stardom and Identity, A Televisual Context: MTV, Aesthetics and Politics in Music Television Postmodernism Reconsidered, Concluding Thoughts, Music Television Time Line, Notes, Bibliography, Index. | ||
| 700 | 1 |
_aGoodwin Andrew _96375 |
|
| 942 | _cBK | ||
| 999 |
_c5506 _d5506 |
||